000 00781nam a2200253Ia 4500
003 OSt
005 20221005082324.0
006 a|||||r|||| 00| 0
007 ta
008 221004b |||||||| |||| 00| 0 eng d
020 _a9788183872843 (hbk)
_c895
024 _a98720
037 _b040, 28/10/2009, Independent Publishers Group
_cTextual
040 _aCRL
_cCRL
_beng
041 _2eng
_aeng
082 _aY15:(W:5).2, P9
100 _aSubhash Chandra Singh
_9611810
245 0 _aGender Justice
260 _aNew Delhi
_bSerials Publications India
_c2009
300 _axiii, 241p.
_ccm.
650 _aSOCIOLOGY
942 _hY15:(W:5).2, P9
_cTEXL
_2cc
999 _c989134
_d989134